[Event "Nova Gorica op 28th"]
[Site "Nova Gorica"]
[Date "2024.01.28"]
[Round "4"]
[White "Kejzar, Petra"]
[Black "Papler, Peter"]
[Result "1-0"]
[WhiteElo "2025"]
[BlackElo "1691"]
[PlyCount "135"]
[EventDate "2024.01.26"]
[EventType "swiss"]
[EventRounds "9"]
[EventCountry "SLO"]
[SourceTitle "CB06_2024"]
[SourceDate "2024.02.07"]
[SourceVersion "1"]
[SourceVersionDate "2024.02.07"]
[SourceQuality "1"]

1. d4 Nf6 2. c4 d6 3. Nf3 Nbd7 4. Nc3 c6 5. e4 Qc7 6. Be2 e5 7. 0-0 Be7 8. Rb1 0-0 9. b4 h6 10. h3 Re8 11. Be3 Nf8 12. Qd2 Ng6 13. Rfd1 Bf8 14. d5 Nd7 15. dxc6 bxc6 16. Qc2 Bb7 17. Nd2 d5 18. exd5 cxd5 19. Nb5 Qb8 20. cxd5 Rc8 21. Qb3 Nf6 22. Nf1 a6 23. Nc3 Ne8 24. Na4 Nf4 25. Bxf4 exf4 26. Nb6 Rd8 27. Nxa8 Qxa8 28. Bf3 Nd6 29. Rbc1 Nf5 30. a3 Nh4 31. Nh2 Nxf3+ 32. Qxf3 Rxd5 33. Rxd5 Bxd5 34. Qg4 Qb7 35. Nf3 g5 36. Nxg5 hxg5 37. Qxg5+ Bg7 38. Rd1 Be6 39. Rd8+ Kh7 40. Qxf4 Qe7 41. Qe4+ f5 42. Qd3 Qf6 43. Qd1 Qg5 44. Rd6 Bc8 45. Qc2 Bb7 46. g4 Be4 47. Qd2 Qe7 48. Rd7 Qe5 49. Qd1 Qc3 50. f3 Bc6 51. Rd3 Qe5 52. Kg2 Bf6 53. Rd6 Qb2+ 54. Qd2 Bb5 55. Qxb2 Bxb2 56. a4 Bxa4 57. Rxa6 Bb5 58. Rb6 Bd3 59. g5 f4 60. b5 Bc1 61. h4 Be3 62. Rh6+ Kg7 63. b6 Ba6 64. Rc6 Kg8 65. Rc7 Bxb6 66. Rc6 Be3 67. Rxa6 Kg7 68. Kh3 1-0

[Event "AUT-chT (Women) 2324"]
[Site "Austria"]
[Date "2023.11.24"]
[Round "1.3"]
[White "Kejzar, Petra"]
[Black "Kolba, Anastasiya"]
[Result "1/2-1/2"]
[WhiteElo "2017"]
[BlackElo "2027"]
[PlyCount "156"]
[EventDate "2023.11.24"]
[EventType "team-tourn"]
[EventRounds "9"]
[EventCountry "AUT"]
[SourceTitle "CB48_2023"]
[SourceDate "2023.11.29"]
[SourceVersion "1"]
[SourceVersionDate "2023.11.29"]
[SourceQuality "1"]
[WhiteTeam "St Veit/Glan (W)"]
[BlackTeam "Baden (W)"]
[WhiteTeamCountry "AUT"]
[BlackTeamCountry "AUT"]

1. Nf3 d5 2. c4 c6 3. d4 Nf6 4. g3 e6 5. Bg2 Bd6 6. 0-0 Nbd7 7. Nbd2 0-0 8. Qc2 Rb8 9. Rd1 b5 10. b3 Ba6 11. c5 Bc7 12. Bb2 Qe7 13. Rac1 Nh5 14. Ne5 Bb7 15. b4 f6 16. Nxd7 Qxd7 17. Bf3 Qf7 18. e4 Rbe8 19. exd5 exd5 20. a4 a6 21. axb5 axb5 22. Ra1 Bb8 23. Qf5 g5 24. Bg2 Ng7 25. Qd3 Re7 26. Re1 Rfe8 27. Re3 Bc8 28. Rae1 Nf5 29. R3e2 Rxe2 30. Rxe2 Rxe2 31. Qxe2 Qe6 32. Qxe6+ Bxe6 33. Nb3 h5 34. Kf1 Kf7 35. Ke2 h4 36. Bc1 Kg6 37. Be3 Nxe3 38. Kxe3 h3 39. Bf1 g4 40. f3 f5 41. Nc1 Kg5 42. Nd3 Kf6 43. Nf4 Bd7 44. Ne2 Kg5 45. f4+ Kf6 46. Nc3 Bc7 47. Bxb5 Ke6 48. Ba4 Bd8 49. b5 cxb5 50. Bxb5 Bxb5 51. Nxb5 Ba5 52. Ke2 Kd7 53. Na3 Bc7 54. Ke3 Ba5 55. Nc2 Bc7 56. Ne1 Ba5 57. Nd3 Ke6 58. Nc1 Be1 59. Ne2 Kd7 60. Kd3 Bf2 61. Kc3 Kc6 62. Kb4 Be1+ 63. Ka4 Bd2 64. Ka3 Be1 65. Kb3 Bf2 66. Kc3 Be1+ 67. Kd3 Bf2 68. Kd2 Kd7 69. Kd1 Kc6 70. Kc1 Kd7 71. Kb2 Kc6 72. Ka3 Be1 73. Kb3 Bf2 74. Ka4 Be1 75. Kb3 Bf2 76. Kc3 Be1+ 77. Kd3 Bf2 78. Kd2 Kd7 1/2-1/2

[Event "CRO-chT (Women) 31st"]
[Site "Veli Losinj"]
[Date "2023.10.12"]
[Round "2.2"]
[White "Kejzar, Petra"]
[Black "Mihaljevic, Eva"]
[Result "1-0"]
[WhiteElo "1986"]
[BlackElo "2013"]
[PlyCount "81"]
[EventDate "2023.10.11"]
[EventType "team-tourn"]
[EventRounds "9"]
[EventCountry "CRO"]
[SourceTitle "Mega2024 Update 01"]
[Source "Chessbase"]
[SourceDate "2023.11.12"]
[SourceVersion "1"]
[SourceVersionDate "2023.11.12"]
[SourceQuality "1"]
[WhiteTeam "Busevec Polet (W)"]
[BlackTeam "Novo Virje Konaki (W)"]
[WhiteTeamCountry "CRO"]
[BlackTeamCountry "CRO"]

1. d4 d5 2. c4 e6 3. Nf3 Nf6 4. g3 Be7 5. Bg2 0-0 6. 0-0 dxc4 7. Qc2 a6 8. Rd1 b5 9. Bg5 Nd5 10. Bxe7 Qxe7 11. e4 Nb6 12. Nbd2 N8d7 13. b3 cxb3 14. Nxb3 Nc4 15. e5 Rb8 16. h4 h6 17. Nfd2 Nxd2 18. Rxd2 Nb6 19. Nc5 Rd8 20. Re1 Na4 21. Nxa4 bxa4 22. Qxa4 c5 23. d5 exd5 24. Bxd5 Be6 25. Red1 Bxd5 26. Rxd5 Rxd5 27. Rxd5 Rb1+ 28. Kh2 Rb2 29. Kg2 Qe6 30. Rxc5 Rxa2 31. Qe4 f5 32. Qa8+ Kh7 33. h5 f4 34. Qe4+ Kg8 35. Qxf4 Rb2 36. Qe4 Rb8 37. Rc6 Qe8 38. Qd5+ Kh8 39. e6 Rd8 40. Rd6 Ra8 41. e7 1-0

[Event "EU-Cup (Women) 27th"]
[Site "Durres"]
[Date "2023.10.03"]
[Round "3.4"]
[White "Kejzar, Petra"]
[Black "Nicoara, Malina"]
[Result "1-0"]
[WhiteElo "1986"]
[BlackElo "2064"]
[PlyCount "119"]
[EventDate "2023.10.01"]
[EventType "team-swiss"]
[EventRounds "7"]
[EventCountry "ALB"]
[SourceTitle "EXT 2024"]
[Source "ChessBase"]
[SourceDate "2023.10.10"]
[SourceVersion "1"]
[SourceVersionDate "2023.10.10"]
[SourceQuality "1"]
[WhiteTeam "Gostivar (W)"]
[BlackTeam "Asnieres (W)"]
[WhiteTeamCountry "MKD"]
[BlackTeamCountry "FRA"]

1. d4 Nf6 2. c4 c5 3. Nf3 g6 4. Nc3 cxd4 5. Nxd4 Bg7 6. e4 d6 7. Be2 Nc6 8. Be3 0-0 9. Rc1 Bd7 10. 0-0 Nxd4 11. Bxd4 Bc6 12. f3 a5 13. b3 Nd7 14. Re1 Nc5 15. Bxg7 Kxg7 16. Qd4+ e5 17. Qe3 Ne6 18. Bf1 Qf6 19. Red1 Rfd8 20. Rd2 h6 21. Rcd1 Qe7 22. Bd3 Qc7 23. Bc2 Rab8 24. Bd3 Ra8 25. Bf1 Rab8 26. Rb2 Ra8 27. Rc1 Qe7 28. Rf2 h5 29. g3 Qg5 30. Qxg5 Nxg5 31. Rd1 Kf8 32. Bg2 Ke7 33. f4 Ne6 34. f5 Nd4 35. f6+ Kd7 36. Rfd2 Kc7 37. Kf2 b6 38. Ke3 Re8 39. h4 Rab8 40. Bh3 Rh8 41. Rg1 Rbd8 42. Nd5+ Kb7 43. Ne7 Rde8 44. Rc1 Rd8 45. Rb2 Ra8 46. Bf1 Bd7 47. a3 Rhb8 48. Rc3 Be6 49. Bg2 Ra7 50. Rf2 Rba8 51. Nf5 gxf5 52. exf5+ Kc7 53. fxe6 fxe6 54. Bxa8 Rxa8 55. b4 axb4 56. axb4 Rf8 57. Ke4 Kd7 58. Ra3 Nf5 59. Ra7+ Kc6 60. Rxf5 1-0

[Event "Titled Tuesday intern op 29th Aug Late"]
[Site "Chess.com INT"]
[Date "2023.08.29"]
[Round "1"]
[White "Geivondian, Arman"]
[Black "Kejzar, Petra"]
[Result "1-0"]
[WhiteElo "2306"]
[BlackElo "1986"]
[PlyCount "114"]
[EventDate "2023.08.29"]
[EventType "swiss (blitz)"]
[EventRounds "11"]
[EventCountry "USA"]
[SourceTitle "EXT 2024"]
[Source "ChessBase"]
[SourceDate "2023.10.10"]
[SourceVersion "1"]
[SourceVersionDate "2023.10.10"]
[SourceQuality "1"]

1. d4 d5 2. Nc3 c6 3. e4 Nf6 4. f3 dxe4 5. fxe4 Bg4 6. Nf3 e6 7. Be2 Nbd7 8. h3 Bxf3 9. Bxf3 Bb4 10. 0-0 0-0 11. Ne2 e5 12. c3 Be7 13. Be3 Qc7 14. Qc2 Rad8 15. Bf2 Rfe8 16. Rad1 h6 17. g4 Nh7 18. Bg2 Bf6 19. d5 Nb6 20. b3 cxd5 21. exd5 Ng5 22. Ng3 e4 23. Nxe4 Nxe4 24. Bxe4 Qxc3 25. Qxc3 Bxc3 26. Bf3 Be5 27. Kg2 Bd6 28. Rfe1 Kf8 29. a4 Nc8 30. Rxe8+ Rxe8 31. Rc1 a6 32. Rc4 g5 33. h4 Bf4 34. h5 Nd6 35. Rc7 Be3 36. Bg3 Bf4 37. Bf2 Re7 38. Rxe7 Kxe7 39. Bd4 f6 40. Kf2 Be5 41. Bc5 Kd7 42. Ke3 Nf7 43. Ke4 Bd6 44. b4 Ne5 45. Be2 b6 46. Bxb6 Bxb4 47. Bd4 a5 48. Kf5 Bd6 49. Kxf6 Bf8 50. Bxe5 Ke8 51. Bb5+ Kd8 52. Kg6 Ke7 53. Bg7 Kd6 54. Bxf8+ Ke5 55. Bxh6 Kf4 56. Bxg5+ Kxg4 57. Bd3 Kh3 1-0

[Event "Titled Tuesday intern op 16th May Late"]
[Site "Chess.com INT"]
[Date "2023.05.16"]
[Round "3"]
[White "Kejzar, Petra"]
[Black "Sivakumar, Shaaketh"]
[Result "0-1"]
[WhiteElo "2048"]
[BlackElo "2337"]
[PlyCount "68"]
[EventDate "2023.05.16"]
[EventType "swiss (blitz)"]
[EventRounds "11"]
[EventCountry "USA"]
[SourceTitle "CBM 214 Extra"]
[Source "ChessBase"]
[SourceDate "2023.07.31"]
[SourceVersion "1"]
[SourceVersionDate "2023.07.31"]
[SourceQuality "1"]

1. e4 e6 2. d4 d5 3. exd5 exd5 4. Bd3 Nc6 5. c3 Bd6 6. Qf3 Nge7 7. Ne2 h5 8. Bf4 Bg4 9. Qe3 Qd7 10. Bxd6 Qxd6 11. h3 Be6 12. Nd2 0-0-0 13. Nb3 Nf5 14. Qd2 Kb8 15. 0-0-0 b6 16. Rhe1 f6 17. Nf4 Bc8 18. Qc2 Qxf4+ 19. Kb1 Rhe8 20. Bb5 Rxe1 21. Rxe1 Nce7 22. a4 c6 23. Bd3 g6 24. Ka2 Qd6 25. a5 c5 26. dxc5 bxc5 27. Bf1 c4 28. Nd2 Qc5 29. Ra1 Qxa5+ 30. Kb1 Qc5 31. Nf3 d4 32. cxd4 Nxd4 33. Nxd4 Qxd4 34. Be2 Bf5 0-1

[Event "Titled Tuesday intern op 16th May Late"]
[Site "Chess.com INT"]
[Date "2023.05.16"]
[Round "1"]
[White "Kejzar, Petra"]
[Black "Spitzl, Vinzent"]
[Result "0-1"]
[WhiteElo "2048"]
[BlackElo "2365"]
[PlyCount "140"]
[EventDate "2023.05.16"]
[EventType "swiss (blitz)"]
[EventRounds "11"]
[EventCountry "USA"]
[SourceTitle "CBM 214 Extra"]
[Source "ChessBase"]
[SourceDate "2023.07.31"]
[SourceVersion "1"]
[SourceVersionDate "2023.07.31"]
[SourceQuality "1"]

1. e4 c5 2. Nf3 d6 3. d4 cxd4 4. Nxd4 Nf6 5. Nc3 a6 6. Be3 e5 7. Nf3 Be7 8. Bc4 0-0 9. 0-0 Nc6 10. Bg5 Be6 11. Bb3 Nd7 12. Bxe7 Qxe7 13. Qd2 Nc5 14. Bd5 Rac8 15. Rfe1 Nb4 16. Rad1 Nxd5 17. Nxd5 Bxd5 18. Qxd5 Rc6 19. c3 Ne6 20. h3 Qf6 21. Re3 Nf4 22. Qd2 Qg6 23. Ne1 Rfc8 24. Kh2 b5 25. g3 Ne6 26. Ng2 b4 27. cxb4 Nd4 28. Nh4 Qf6 29. Rc3 g5 30. Nf5 Rxc3 31. Nxd4 exd4 32. bxc3 dxc3 33. Qc2 h6 34. Rd5 Rc4 35. a3 Qe6 36. Qd3 Qxe4 37. Qxe4 Rxe4 38. Rxd6 Rc4 39. Rd1 Kg7 40. Kg2 Kf6 41. Kf3 Ke5 42. Ke3 c2 43. Rc1 Rc3+ 44. Kd2 Rxa3 45. Rxc2 Ke4 46. Ke2 Kd4 47. Rc7 f5 48. Rc6 f4 49. gxf4 gxf4 50. f3 Ra2+ 51. Kd1 Ke3 52. Rxh6 Kxf3 53. Rf6 Kg3 54. h4 f3 55. Kc1 f2 56. Kb1 Re2 57. h5 Re1+ 58. Kb2 f1Q 59. Rxf1 Rxf1 60. h6 Rh1 61. Ka3 Rxh6 62. Ka4 Kf4 63. Ka5 Ke4 64. Ka4 Kd4 65. Ka5 Kc4 66. Ka4 Rb6 67. Ka5 Rxb4 68. Kxa6 Kc5 69. Ka5 Kc4 70. Ka6 Rb5 0-1

[Event "Titled Tuesday intern op 09th May Early"]
[Site "Chess.com INT"]
[Date "2023.05.09"]
[Round "3"]
[White "Kejzar, Petra"]
[Black "Gutkin, Ilya"]
[Result "1-0"]
[WhiteElo "2048"]
[BlackElo "2273"]
[PlyCount "103"]
[EventDate "2023.05.09"]
[EventType "swiss (blitz)"]
[EventRounds "11"]
[EventCountry "USA"]
[SourceTitle "CBM 214 Extra"]
[Source "ChessBase"]
[SourceDate "2023.07.31"]
[SourceVersion "1"]
[SourceVersionDate "2023.07.31"]
[SourceQuality "1"]

1. e4 c5 2. Nf3 Nc6 3. d4 cxd4 4. Nxd4 g6 5. Nc3 Bg7 6. Be3 Nf6 7. Bc4 0-0 8. Bb3 Re8 9. Qd2 e6 10. 0-0 d5 11. exd5 Nxd5 12. Nxd5 exd5 13. c3 Qa5 14. Rad1 Bd7 15. Nf3 Ne7 16. Bxd5 Nxd5 17. Qxd5 Qxd5 18. Rxd5 Be6 19. Ra5 b6 20. Ra4 Red8 21. Nd4 Bd7 22. Rb4 Rac8 23. Bg5 f6 24. Bh4 g5 25. Bg3 Bf8 26. Rb3 Ba4 27. h4 Bxb3 28. axb3 Bc5 29. Nb5 Rd2 30. b4 Be7 31. Ra1 Ra8 32. Nc7 Rad8 33. Rxa7 R8d7 34. Ra8+ Kf7 35. Rh8 Kg7 36. Rb8 gxh4 37. Bf4 Kf7 38. Bxd2 Rxd2 39. Rxb6 Rxb2 40. Nd5 Bd8 41. Rb7+ Ke6 42. Nf4+ Kf5 43. Nd3 Rd2 44. Nc5 Rc2 45. Rxh7 Bb6 46. Rxh4 Rxc3 47. g3 Bxc5 48. bxc5 Rxc5 49. Rh5+ Kg4 50. Rxc5 f5 51. Rc4+ Kh3 52. Rh4# 1-0

[Event "EU-ch (Women) 23rd"]
[Site "Petrovac"]
[Date "2023.03.27"]
[Round "9"]
[White "Kejzar, Petra"]
[Black "Maione, Melissa"]
[Result "1-0"]
[WhiteElo "2128"]
[BlackElo "2028"]
[PlyCount "71"]
[EventDate "2023.03.18"]
[EventType "swiss"]
[EventRounds "11"]
[EventCountry "MNE"]
[SourceTitle "CBM 213 Extra"]
[Source "ChessBase"]
[SourceDate "2023.05.31"]
[SourceVersion "1"]
[SourceVersionDate "2023.05.31"]
[SourceQuality "1"]

1. d4 Nf6 2. Nc3 d5 3. Bf4 a6 4. e3 c5 5. dxc5 Nc6 6. Nf3 Bg4 7. Be2 e6 8. Na4 Ne4 9. 0-0 Nxc5 10. c4 dxc4 11. Nxc5 Bxc5 12. Qc2 Qe7 13. Qxc4 Bh5 14. Rac1 Bd6 15. Bxd6 Qxd6 16. Rfd1 Qe7 17. Qc5 Bg6 18. Rd6 0-0 19. Rxc6 Qf6 20. Rb6 Be4 21. Qd4 Bc6 22. Qxf6 gxf6 23. Nd4 Bd5 24. b3 Rac8 25. Rxc8 Rxc8 26. h4 Kf8 27. Bf3 Bxf3 28. gxf3 Rc7 29. a4 Ke7 30. a5 Kd7 31. b4 Kc8 32. Nb3 h6 33. Nc5 Re7 34. Kg2 h5 35. Ne4 f5 36. Nf6 1-0

[Event "EU-ch (Women) 23rd"]
[Site "Petrovac"]
[Date "2023.03.21"]
[Round "4"]
[White "Maras, Marija Mia"]
[Black "Kejzar, Petra"]
[Result "0-1"]
[WhiteElo "1051"]
[BlackElo "2128"]
[PlyCount "26"]
[EventDate "2023.03.18"]
[EventType "swiss"]
[EventRounds "11"]
[EventCountry "MNE"]
[SourceTitle "CBM 213 Extra"]
[Source "ChessBase"]
[SourceDate "2023.05.31"]
[SourceVersion "1"]
[SourceVersionDate "2023.05.31"]
[SourceQuality "1"]

1. c4 c5 2. Nc3 Nc6 3. g3 g6 4. Bg2 Bg7 5. e3 e5 6. Nge2 d6 7. 0-0 Nge7 8. Nd5 Nxd5 9. Bxd5 Bh3 10. Re1 0-0 11. f4 Nb4 12. Bxb7 Nd3 13. Bxa8 Qxa8 0-1

[Event "Mediterranean Flower (Women) 23rd"]
[Site "Rijeka"]
[Date "2023.03.11"]
[Round "9"]
[White "Rakhmangulova, Anastasiya"]
[Black "Kejzar, Petra"]
[Result "1-0"]
[WhiteElo "2266"]
[BlackElo "2128"]
[PlyCount "73"]
[EventDate "2023.03.05"]
[EventType "tourn"]
[EventRounds "9"]
[EventCountry "CRO"]
[SourceTitle "CBM 213 Extra"]
[Source "ChessBase"]
[SourceDate "2023.05.31"]
[SourceVersion "1"]
[SourceVersionDate "2023.05.31"]
[SourceQuality "1"]

1. e4 c5 2. Nf3 e6 3. d4 cxd4 4. Nxd4 a6 5. c4 Nf6 6. Nc3 d6 7. Be2 Be7 8. 0-0 0-0 9. Be3 Nc6 10. Nxc6 bxc6 11. Qc2 e5 12. Rfd1 Be6 13. Rd2 Qc7 14. Rad1 Rfd8 15. h3 Qb7 16. Bg5 Kh8 17. Bxf6 gxf6 18. Bd3 Rg8 19. Kh2 Rg7 20. Ne2 d5 21. Ng3 Bb4 22. Re2 Rag8 23. Qc1 Bf8 24. cxd5 cxd5 25. Rc2 dxe4 26. Bxe4 Qb8 27. Nh5 Rg5 28. Nxf6 Bh6 29. Qb1 Rd8 30. Rcd2 Rxd2 31. Rxd2 Kg7 32. Nd7 Qc7 33. Qd3 Rh5 34. Rd1 Bg4 35. Qd6 Qd8 36. Rd3 Qh4 37. Qf8# 1-0

[Event "SRB-chT (Women)"]
[Site "Custica"]
[Date "2022.10.30"]
[Round "9.3"]
[White "Kejzar, Petra"]
[Black "Mehmed, Elif"]
[Result "0-1"]
[WhiteElo "2120"]
[BlackElo "2189"]
[PlyCount "120"]
[EventDate "2022.10.22"]
[EventType "team-tourn"]
[EventRounds "11"]
[EventCountry "SRB"]
[SourceTitle "EXT 2024"]
[Source "ChessBase"]
[SourceDate "2023.10.10"]
[SourceVersion "1"]
[SourceVersionDate "2023.10.10"]
[SourceQuality "1"]
[WhiteTeam "Novi Banovci (W)"]
[BlackTeam "Kostolac Rudar (W)"]
[WhiteTeamCountry "SRB"]
[BlackTeamCountry "SRB"]

1. e4 c5 2. Nc3 Nc6 3. Nge2 Nf6 4. d4 cxd4 5. Nxd4 e5 6. Ndb5 d6 7. Bg5 a6 8. Na3 b5 9. Nd5 Be7 10. Bxf6 Bxf6 11. c3 0-0 12. Qf3 Bg5 13. h4 Bh6 14. g4 f6 15. Nc2 Be6 16. Nce3 Bxe3 17. Qxe3 Ne7 18. Nxe7+ Qxe7 19. Be2 Rfd8 20. g5 f5 21. exf5 Bxf5 22. Bf3 Rac8 23. Bd5+ Be6 24. Qe4 Rc5 25. 0-0-0 Rf8 26. Rhe1 a5 27. Bxe6+ Qxe6 28. Kb1 Rxf2 29. Qa8+ Rc8 30. Rxd6 Qxd6 31. Qxc8+ Rf8 32. Qg4 Qd3+ 33. Kc1 Qd5 34. Kb1 Qd3+ 35. Kc1 Qd5 36. c4 bxc4 37. Qe4 Qd4 38. Qxe5 Qxh4 39. g6 Qh6+ 40. Re3 Qxg6 41. Qd5+ Kh8 42. Qxa5 h5 43. a4 h4 44. Qe1 Qh6 45. Kc2 h3 46. Re4 Rf4 47. Re2 h2 48. Qh1 Rh4 49. Rd2 Qg6+ 50. Kc1 Qg5 51. Kc2 Qf5+ 52. Kc1 c3 53. bxc3 Qf4 54. a5 Rh3 55. Kc2 Qf5+ 56. Kb2 Qb5+ 57. Kc2 Qxa5 58. Qc6 Qxc3+ 59. Qxc3 Rxc3+ 60. Kxc3 h1Q 0-1

[Event "SLO-chT1 West"]
[Site "Slovenia"]
[Date "2022.10.14"]
[Round "4.3"]
[White "Kejzar, Petra"]
[Black "Debevec, Blaz"]
[Result "1-0"]
[WhiteElo "2120"]
[BlackElo "2075"]
[PlyCount "73"]
[EventDate "2022.10.07"]
[EventType "team-tourn"]
[EventRounds "9"]
[EventCountry "SLO"]
[SourceTitle "CBM 210 Extra"]
[Source "ChessBase"]
[SourceDate "2022.11.30"]
[SourceVersion "1"]
[SourceVersionDate "2022.11.30"]
[SourceQuality "1"]
[WhiteTeam "Ljubljana Tajfun"]
[BlackTeam "Domzale Tajfun"]
[WhiteTeamCountry "SLO"]
[BlackTeamCountry "SLO"]

1. d4 Nf6 2. c4 g6 3. g3 Bg7 4. Bg2 0-0 5. Nc3 d6 6. Nf3 Nc6 7. 0-0 a6 8. d5 Na5 9. Qd3 c5 10. dxc6 Nxc6 11. h3 h6 12. e4 Be6 13. Be3 Qc8 14. Nd5 Nd7 15. Rab1 Bxd5 16. cxd5 Nce5 17. Nxe5 Nxe5 18. Qb3 b5 19. Rfc1 Qd7 20. Qd1 Rfc8 21. b3 Qb7 22. f4 Nd7 23. Rc6 b4 24. Rbc1 Bc3 25. e5 Nc5 26. f5 Bxe5 27. fxg6 fxg6 28. Qg4 Rxc6 29. Qxg6+ Bg7 30. dxc6 Qc7 31. Bxh6 e6 32. Rc4 Qf7 33. Qg5 Qa7 34. Kh2 Rf8 35. Rg4 Rf7 36. Bxg7 Rxg7 37. Qxg7+ 1-0